Flatpack's back (Record no. 70725)
[ view plain ]
| 000 -LEADER | |
|---|---|
| fixed length control field | 01286cam a2200229 4500 |
| 001 - CONTROL NUMBER | |
| control field | ABS65720 |
| 008 - FIXED-LENGTH DATA ELEMENTS--GENERAL INFORMATION | |
| fixed length control field | 020715n2002 000 0 eng u |
| 035 ## - SYSTEM CONTROL NUMBER | |
| System control number | (Sirsi) u118812 |
| 100 ## - MAIN ENTRY--PERSONAL NAME | |
| Personal name | Salman, S |
| 245 ## - TITLE STATEMENT | |
| Title | Flatpack's back |
| 260 ## - PUBLICATION, DISTRIBUTION, ETC. | |
| Date of publication, distribution, etc. | 2002 |
| 490 ## - SERIES STATEMENT | |
| Series statement | Housing Today |
| Volume/sequential designation | (289) 20 June 2002, 26-28(3) |
| 520 ## - SUMMARY, ETC. | |
| Summary, etc. | Considers the growing popularity of prefabricated (prefab) houses, highlighting their advantages and disadvantages. Supporters of prefab argue that today's factory-made homes are high quality with costs and construction time 10% less than in traditional housebuilding. In addition, construction work is more streamlined and less disrupted by external factors such as the weather. Discusses how the Peabody Trust and government are promoting modular housing and argues that prefab houses are a practical answer to social housing shortages. However, warns that prefab houses may go out of fashion again, the prices of microflats will eventually increase and the size of modular housing is limited by transport considerations. |
| 590 ## - LOCAL NOTE (RLIN) | |
| Local note | ABS |
| 650 ## - SUBJECT ADDED ENTRY--TOPICAL TERM | |
| Topical term or geographic name entry element | PREFABRICATED HOUSING |
| 650 ## - SUBJECT ADDED ENTRY--TOPICAL TERM | |
| Topical term or geographic name entry element | MODULAR HOUSING |
| 650 ## - SUBJECT ADDED ENTRY--TOPICAL TERM | |
| Topical term or geographic name entry element | SOCIAL HOUSING |
| 650 ## - SUBJECT ADDED ENTRY--TOPICAL TERM | |
| Topical term or geographic name entry element | FACTORY-BUILT HOUSING |
| 650 ## - SUBJECT ADDED ENTRY--TOPICAL TERM | |
| Topical term or geographic name entry element | Affordable housing |
| 9 (RLIN) | 6215 |
| 690 ## - LOCAL SUBJECT ADDED ENTRY--TOPICAL TERM (OCLC, RLIN) | |
| Topical term or geographic name as entry element | HOUSING |
| 942 ## - ADDED ENTRY ELEMENTS (KOHA) | |
| Suppress in OPAC | 0 |
| Withdrawn status | Lost status | Source of classification or shelving scheme | Damaged status | Not for loan | Home library | Current library | Shelving location | Date acquired | Total Checkouts | Full call number | Barcode | Date last seen | Copy number | Price effective from | Koha item type |
|---|---|---|---|---|---|---|---|---|---|---|---|---|---|---|---|
| Dewey Decimal Classification | London | London | Journal article | 15/07/2002 | ABS65720 | 118812-1001 | 06/08/2019 | 1 | 06/08/2019 | Journal article |